| 000 | 01074nas a2200337 4500 | ||
|---|---|---|---|
| 001 | BR2018002318 | ||
| 003 | BR-BrBNA | ||
| 005 | 20231205131450.0 | ||
| 007 | ta | ||
| 008 | 230509b bl.|||p| |||| 00| 00por d | ||
| 040 |
_aBR-BrBNA _bpor _cBiblioteca Nacional de Agricultura |
||
| 041 | _a(En) | ||
| 072 | _aF08; P34 | ||
| 100 | 1 | _aSão Miguel, A.S.D.C. | |
| 100 | 1 | _aPacheco, L.P. | |
| 100 | 1 | _aCarvalho, I.C. de | |
| 100 | 1 | _aSouza, E.D. de | |
| 100 | 1 | _aFeitosa, P.B. | |
| 100 | 1 | _aPetter, F.A. | |
| 245 | 1 | _aPhytomass and nutrient release in soybean cultivation systems under no-tillage | |
| 650 | _aSOJA | ||
| 650 | _aPLANTIO DIRETO | ||
| 650 | _aSISTEMA DE CULTIVO | ||
| 650 | _aCONSORCIAÇÃO DE CULTURA | ||
| 650 | _aCOBERTURA DO SOLO | ||
| 650 | _aDECOMPOSIÇÃO | ||
| 773 | 0 |
_tPesquisa Agropecuária Brasileira (Brazil) _xISSN 1678-3921 _g(Oct 2018), v. 53(10) p. 1119-1131 _wBR2018002318 |
|
| 856 | 4 | 0 | _uhttp://seer.sct.embrapa.br/index.php/pab/article/view/25929/14316 |
| 909 |
_a202311 _bLúcia _c55 _dLúcia Elande |
||
| 942 |
_2AGRIS _n0 _cANA |
||
| 999 |
_c254983 _d254983 |
||